| 000 | 00665nam a2200229Ia 4500 | ||
|---|---|---|---|
| 005 | 20241129105747.0 | ||
| 008 | 241129s9999||||xx |||||||||||||| ||und|| | ||
| 020 | _a978-0-7453-4043-2 | ||
| 037 | _aTB | ||
| 040 |
_aARTS _beng _cARTS |
||
| 041 |
_aeng _2eng |
||
| 084 |
_aW R0 _qARTS |
||
| 100 | _aFassin Didier Ed. | ||
| 245 | 0 |
_aDeepening divides: how territorial borders and social boundaries delineate our world _cFassin Didier Ed. |
|
| 260 |
_aUK _bPluto Press _c2020 |
||
| 300 | _avi,266p. | ||
| 365 |
_aUKP _b32 |
||
| 490 | _aAnthropology, culture and society | ||
| 650 | _aPolitical Science | ||
| 942 |
_cTB _hW R0 |
||
| 999 |
_c1225808 _d1225808 |
||